[Event "Belo Horizonte Mineiro op"]
[Site "Belo Horizonte"]
[Date "2013.12.06"]
[Round "2"]
[White "De Mendonca, Jose Antonio"]
[Black "Guerreiro, Alexandre Vieira"]
[Result "1-0"]
[WhiteElo "1975"]
[BlackElo "1949"]
[PlyCount "119"]
[EventDate "2013.12.06"]
[EventType "swiss"]
[EventRounds "6"]
[EventCountry "BRA"]
[SourceTitle "CBM 158 Extra"]
[Source "ChessBase"]
[SourceDate "2014.02.28"]
[SourceVersion "1"]
[SourceVersionDate "2014.02.28"]
[SourceQuality "1"]

1. d4 Nf6 2. Bg5 Ne4 3. Bh4 g6 4. f3 g5 5. fxe4 gxh4 6. Nf3 e6 7. e3 Bh6 8. Qd3 Qe7 9. Nc3 Nc6 10. a3 d6 11. Be2 a6 12. 0-0 Bd7 13. b4 b5 14. Rab1 Na7 15. e5 Bc6 16. e4 0-0-0 17. exd6 Rxd6 18. e5 Rdd8 19. Ne4 Bxe4 20. Qxe4 Kb8 21. a4 Qd7 22. axb5 Nxb5 23. Bxb5 Qxb5 24. Rb3 Rhg8 25. Ra1 h3 26. g3 Qb7 27. Qe2 Rg4 28. Qxa6 Rdxd4 29. Qxb7+ Kxb7 30. Nxd4 Rxd4 31. Rd3 Re4 32. Kf2 Rxe5 33. Rf3 Rd5 34. Re1 Rd2+ 35. Re2 Rd7 36. Rd3 Re7 37. Re4 Bg5 38. Red4 Kc6 39. c4 e5 40. Rd5 Re6 41. Ra3 Kb7 42. Rb5+ Kc8 43. Ra8+ Kd7 44. Rd5+ Ke7 45. Ra7 Rc6 46. Rxe5+ Kf6 47. Rc5 Re6 48. Rxg5 Kxg5 49. Rxc7 Kf6 50. b5 Rd6 51. g4 Kg5 52. Rxf7 Kxg4 53. Ke3 Rd1 54. b6 Rb1 55. c5 Kg5 56. Rf2 Rb5 57. Rc2 Kf6 58. c6 Rxb6 59. c7 Re6+ 60. Kf3 1-0